| 000 | 00877nam0a22002771 4500 | ||
|---|---|---|---|
| 001 | RU\NLR\INFOCOMM_18\5000669183 | ||
| 005 | 20250613101705.0 | ||
| 035 | _a(NLR Aleph) 009388818 | ||
| 090 |
_a8029582 _c8029582 |
||
| 100 | _a20110131d1954 |||y0rusy50 ca | ||
| 101 | 0 | _ager | |
| 102 | _aRU | ||
| 105 | _aa ||||000|y | ||
| 200 | 1 |
_aEin großer Schriftsteller und Humanist _eZum 50. Todestag A. P. Tschechows |
|
| 210 |
_a[Moskau _c"Trud"] _d1954 |
||
| 215 |
_a11 с. _cпортр. _d26 см |
||
| 311 | _a"Beilage zur "Neuen Zeit", 1954 № 29" | ||
| 422 | 0 |
_12001#$aNeue Zeit$v1954 № 29 _tNeue Zeit |
|
| 686 |
_aЛс-р1000Чехов _2rubbk |
||
| 702 | 1 |
_9z01790 _aČechov _bA. P. _f1860-1904 _gAnton Pavlovič _4570 |
|
| 790 | 1 |
_9z01702 _aTschechow _bA. P. _4245 |
|
| 801 | 1 |
_aRU _bNLR _c20110131 |
|
| 801 | 0 |
_aRU _bNLR _gPSBO |
|
| 852 |
_aNLR _jP43/127 |
||
| 942 | _cBOOK | ||
| 980 | _aNB | ||